LEADER 02676nam 2200637Ia 450 001 9910453961003321 005 20191030193359.0 010 $a1-281-96415-8 010 $a9786611964153 010 $a0-8261-0459-2 035 $a(CKB)1000000000718974 035 $a(EBL)423506 035 $a(OCoLC)437109839 035 $a(SSID)ssj0000165913 035 $a(PQKBManifestationID)12047352 035 $a(PQKBTitleCode)TC0000165913 035 $a(PQKBWorkID)10143877 035 $a(PQKB)11562159 035 $a(MiAaPQ)EBC423506 035 $a(Au-PeEL)EBL423506 035 $a(CaPaEBR)ebr10273901 035 $a(CaONFJC)MIL196415 035 $a(EXLCZ)991000000000718974 100 $a20081020d2009 uy 0 101 0 $aeng 135 $aur|n|---||||| 181 $ctxt 182 $cc 183 $acr 200 10$aGroup leadership skills for nurses and health professionals$b[electronic resource] /$fCarolyn Chambers Clark 205 $a5th ed. 210 $aNew York $cSpringer Pub.$dc2009 215 $a1 online resource (375 p.) 300 $aDescription based upon print version of record. 311 $a0-8261-0458-4 320 $aIncludes bibliographical references and index. 327 $aContents; To Learners and Faculty; Acknowledgments; PART I: LEARNING GROUP BASICS; PART II: BEGINNING AND GUIDING GROUPS; PART III: DEVELOPING GROUP LEADERSHIP SKILLS; PART IV: WORKING WITH DIFFERENT TYPES OF GROUPS; Glossary; Index 330 $a""This book provides a comprehensive and insightful overview of group leadership skills, applicable to both therapeutic and work-related groups, alike."". Elizabeth McCay, RN, PD. Ryerson University. ""[A] masterful guide that teaches us to gain the most from each group setting. Whether we are in our private practice or involved in a committee, this work gives us an excellent format to follow."". William S. Bezmen, PhD, RN, CS. Director, Pathways to Health,. Holistic Treatment and Education Center. Group Leadership Skills provides a solid foundation for using group concepts, theory, and resear 606 $aLeadership 606 $aNursing services$xAdministration 606 $aSmall groups 608 $aElectronic books. 615 0$aLeadership. 615 0$aNursing services$xAdministration. 615 0$aSmall groups. 676 $a362.1 676 $a362.1/73068 676 $a362.173068 700 $aClark$b Carolyn Chambers$0877687 801 0$bMiAaPQ 801 1$bMiAaPQ 801 2$bMiAaPQ 906 $aBOOK 912 $a9910453961003321 996 $aGroup leadership skills for nurses and health professionals$92183374 997 $aUNINA LEADER 00993nam a2200253 i 4500 001 991000073809707536 008 090217s1992 it 001 0 ita d 020 $a8871871898 035 $ab13810960-39ule_inst 040 $aFacoltà SSPT$bita 082 0 $a306.20 100 1 $aDelai, Nadio $0147544 245 13$aIl giusto confine :$besercizi sul territorio intermedio /$cNadio Delai, Mauro Marcantoni 260 $aMilano :$bIl sole 24 ore,$c1992 300 $a158 p. :$btab. graf. ;$c25 cm 440 0$aStudi 650 4$aTerritorio$xConcezione politica$xIndagine statistica 700 1 $aMarcantoni , Mauro $eauthor$4http://id.loc.gov/vocabulary/relators/aut$0117830 907 $a.b13810960$b02-04-14$c17-02-09 912 $a991000073809707536 945 $aLE021 306.20 DEL01.01$g1$i2020000011200$lle021$og$pE15.00$q-$rn$s- $t0$u0$v0$w0$x0$y.i14930869$z17-02-09 996 $aGiusto confine$91465065 997 $aUNISALENTO 998 $ale020$b17-02-09$cm$da $e-$fita$git $h3$i0